|
|
|
|
| LEADER |
00977nas a2200229 i 4500 |
| 008 |
220617s1975 ||||| |||| 00| 0 eng d |
| 999 |
|
|
|c 211204
|d 211204
|
| 022 |
|
|
|a 0099-1112
|
| 040 |
|
|
|a GR-PaULI
|c GR-PaULI
|d GR-AiPI
|
| 082 |
|
|
|a 621.367 8
|
| 222 |
1 |
0 |
|a Photogrammetric engineering and remote sensing
|b [Περιοδικό]
|
| 245 |
1 |
0 |
|a Photogrammetric engineering and remote sensing
|h [Περιοδικό]
|
| 260 |
|
|
|a Maryland :
|b American Society for Photogrammetry and Remote Sensing,
|c 1975.
|
| 300 |
|
|
|a v.
|b ill. :
|c 28 cm.
|
| 310 |
|
|
|a Monthly
|
| 362 |
|
|
|a vol. 67, no. 1 (2001)-vol. 70, no. 3 (2004)
|
| 650 |
|
4 |
|9 64724
|a Φωτογραμμετρία
|
| 650 |
|
4 |
|9 192574
|a Τηλεπισκόπηση
|v Περιοδικά.
|
| 866 |
|
|
|a vol. 67, no. 1 (2001)-vol. 70, no. 3 (2004)
|
| 942 |
|
|
|2 ddc
|c JNL
|
| 998 |
|
|
|c ΜΙΧΟΣΤΑΥΡΟΥ
|
| 952 |
|
|
|0 0
|1 0
|2 ddc
|4 0
|6 621_367000000000000_8
|7 0
|9 361418
|a LISA
|b LISA
|c SER
|d 2022-06-17
|i 55
|l 0
|o 621.367 8
|r 2022-06-17
|t 1
|w 2022-06-17
|y JNL
|